|
|
|
|
| LEADER |
00000nam a2200000 a 4500 |
| 001 |
vtls010299573 |
| 003 |
SK-MaSNL |
| 005 |
20260302011855.0 |
| 008 |
240318s2010 fr a g f 000 0 fre |
| 020 |
|
|
|a 9782765409809
|q (brož.)
|
| 040 |
|
|
|a SNK
|b slo
|c SNK
|e AACR2
|
| 041 |
0 |
|
|a fre
|
| 044 |
|
|
|a fr
|c FR
|
| 072 |
|
7 |
|a 02
|x Knihovníctvo. Informatika
|2 konspekt
|
| 080 |
|
|
|a 004.738.5:004.659
|2 2001
|
| 080 |
|
|
|a 025:004.08
|2 2001
|
| 080 |
|
|
|a 002.1:004.087
|2 2001
|
| 080 |
|
|
|a 002.2:004
|2 2001
|
| 080 |
|
|
|a (035)
|2 2001
|
| 100 |
1 |
|
|a Jacquesson, Alain
|4 aut
|9 652978
|
| 245 |
1 |
0 |
|a Google livres et le futur des bibliothèques numériques
|b historique du projet, techniques documentaires, alternatives et controverses
|c Alain Jacquesson
|
| 260 |
|
|
|a Paris
|b Éditions du Cercle de la Librairie
|c c2010
|
| 300 |
|
|
|a 223 s.
|b ilustr.
|c 24 cm
|
| 490 |
1 |
|
|a Bibliothèques
|x 0184-0886
|
| 504 |
|
|
|a Obsahuje bibliogr.
|
| 650 |
0 |
7 |
|a Google
|2 SNKPH
|9 316449
|
| 650 |
0 |
7 |
|a internetové vyhľadávače
|2 SNKPH
|9 72782
|
| 650 |
0 |
7 |
|a elektronické zdroje
|2 SNKPH
|9 68867
|
| 650 |
0 |
7 |
|a digitálne knižnice
|2 SNKPH
|9 62186
|
| 650 |
0 |
7 |
|a digitalizácia dokumentov
|2 SNKPH
|9 64481
|
| 655 |
|
7 |
|a príručky
|2 SNKPH
|9 74364
|
| 830 |
|
0 |
|a Bibliothèques
|9 600241
|
| 919 |
|
|
|a 978-2-7654-0980-9
|
| 999 |
|
|
|c 1007668
|d 1009598
|
| 952 |
|
|
|t snkJAC 004.738.5
|a SNKUST
|b SNKUST
|y PREZ
|7 0
|p 17A0720270
|o snkIC 139739
|i snk2011/20509
|8 4
|g 47.24
|0 0
|1 0
|4 0
|d 2011-08-10
|l 0
|r 2025-03-20 00:00:00
|w 2026-02-24
|